00815nam a2200205 a 450008200150000010000300001524500240004526000330006930000090010250000350011150500270014665000200017370000300019394200070022395200950023095200940032595200880041995200890050799900130059600a297.2bTAI aIbn Taimyia, Abdul Haleem aAl-Jawab as Shahih. aEgyptbMaktaba-E-ilmiac1905 a336p aincludes index and biblioraphy2 a3 vols. bound together aIslam-Doctrines1 aIbn Taimyia, Abdul Haleem cBK 00104070aHMIbHMId2007-07-11g100.00l0o297.2 TAIp05224r2007-07-11w2026-01-16yEB 00104070aHMIbHMIcGENd2018-05-31l0o297.2 TAI V3p05223r2018-05-31w2026-01-16yBK 00104070aHMIbHMId2018-05-31l0o297.2 TAI V1p5221r2018-05-31w2026-01-16yBK 00104070aHMIbHMId2018-05-31l0o297.2 TAI V2p05222r2018-05-31w2026-01-16yBK c594d594